[Event "HUN-ch Rapid"]
[Site "Ajka"]
[Date "2024.07.20"]
[Round "4"]
[White "Medvegy, Zoltan"]
[Black "Amin, Bassem"]
[Result "1/2-1/2"]
[WhiteElo "2507"]
[BlackElo "2667"]
[PlyCount "124"]
[EventDate "2024.07.20"]
[EventType "swiss (rapid)"]
[EventRounds "11"]
[EventCountry "HUN"]
[SourceTitle "CBM 221 Extra"]
[Source "ChessBase"]
[SourceDate "2024.09.30"]
[SourceVersion "1"]
[SourceVersionDate "2024.09.30"]
[SourceQuality "1"]

1. c4 Nf6 2. Nc3 g6 3. g3 Bg7 4. Bg2 0-0 5. e4 e5 6. Nge2 d6 7. 0-0 a6 8. d3 c6 9. h3 b5 10. Be3 b4 11. Na4 c5 12. f4 exf4 13. gxf4 Bb7 14. Ng3 Re8 15. e5 Bxg2 16. Kxg2 dxe5 17. f5 Nbd7 18. Nxc5 Nxc5 19. Bxc5 Qc7 20. Be3 e4 21. Bg5 Qc6 22. d4 e3+ 23. Qf3 Qxc4 24. Bxf6 e2 25. Rfe1 Bxf6 26. fxg6 Qxd4 27. Nf5 Qxb2 28. gxf7+ Kxf7 29. Nd6+ Kg7 30. Rab1 Qd2 31. Qg4+ Kf8 32. Nxe8 Rxe8 33. Qxb4+ Qxb4 34. Rxb4 Bc3 35. Rf4+ Kg7 36. Kf2 Bxe1+ 37. Kxe1 Re3 38. Ra4 Re6 39. Ra5 Kg6 40. h4 h6 41. Rd5 Kf6 42. Rh5 Ke7 43. Ra5 Kd7 44. Rh5 Kc6 45. Rf5 Kb6 46. a4 Kc7 47. Ra5 Kb7 48. Rh5 Kb6 49. Rf5 Kc7 50. Rh5 Kb7 51. Rf5 Re4 52. Rh5 Rxa4 53. Rxh6 Re4 54. h5 a5 55. Rg6 a4 56. h6 a3 57. h7 Rh4 58. Rg7+ Kb6 59. Rg6+ Kb5 60. Rg5+ Kb6 61. Rg6+ Kc5 62. Rg5+ Kb6 1/2-1/2

[Event "HUN-ch Rapid"]
[Site "Ajka"]
[Date "2024.07.20"]
[Round "2"]
[White "Terbe, Zsuzsanna"]
[Black "Amin, Bassem"]
[Result "0-1"]
[WhiteElo "2163"]
[BlackElo "2667"]
[PlyCount "64"]
[EventDate "2024.07.20"]
[EventType "swiss (rapid)"]
[EventRounds "11"]
[EventCountry "HUN"]
[SourceTitle "CBM 221 Extra"]
[Source "ChessBase"]
[SourceDate "2024.09.30"]
[SourceVersion "1"]
[SourceVersionDate "2024.09.30"]
[SourceQuality "1"]

1. d4 e6 2. c4 f5 3. g3 Nf6 4. Bg2 Be7 5. Nc3 0-0 6. Nf3 d6 7. 0-0 Qe8 8. Re1 Qg6 9. Qd3 Ne4 10. Nd2 Nxc3 11. bxc3 Nc6 12. Rb1 e5 13. e4 f4 14. Nf3 fxg3 15. fxg3 Rb8 16. c5 Bg4 17. d5 Na5 18. Rb5 b6 19. c6 a6 20. Rb2 b5 21. Rf2 Nc4 22. a4 Bxf3 23. Bxf3 Bg5 24. Bg4 Rxf2 25. Kxf2 Bxc1 26. Be6+ Kh8 27. Rxc1 Qh6 28. Rf1 Nd2 29. Rh1 bxa4 30. Qe3 Rb2 31. Qxh6 gxh6 32. Ke3 a3 0-1

[Event "HUN-ch Blitz"]
[Site "Ajka"]
[Date "2024.07.19"]
[Round "5"]
[White "Amin, Bassem"]
[Black "Chitre, Arush"]
[Result "1-0"]
[WhiteElo "2667"]
[BlackElo "2235"]
[PlyCount "63"]
[EventDate "2024.07.19"]
[EventType "swiss (blitz)"]
[EventRounds "13"]
[EventCountry "HUN"]
[SourceTitle "CBM 221 Extra"]
[Source "ChessBase"]
[SourceDate "2024.09.30"]
[SourceVersion "1"]
[SourceVersionDate "2024.09.30"]
[SourceQuality "1"]

1. Nf3 Nf6 2. g3 b5 3. Bg2 Bb7 4. 0-0 e6 5. d3 Be7 6. e4 d6 7. Nd4 a6 8. Nb3 e5 9. f4 a5 10. a4 bxa4 11. Rxa4 c5 12. fxe5 dxe5 13. Be3 Bc6 14. Ra1 Nbd7 15. Nc3 a4 16. Nd2 Nb6 17. h3 0-0 18. g4 Nfd7 19. Nf3 Qc7 20. g5 c4 21. d4 exd4 22. Nxd4 Bc5 23. Kh1 a3 24. bxa3 Bxa3 25. Ncb5 Bxb5 26. Nxb5 Qg3 27. Rf3 Qe5 28. Nxa3 Ra4 29. Rf5 Qc3 30. Bd4 Qb4 31. Rb5 Qd6 32. Bxb6 1-0

[Event "HUN-ch Blitz"]
[Site "Ajka"]
[Date "2024.07.19"]
[Round "7"]
[White "Amin, Bassem"]
[Black "Haszon, David"]
[Result "0-1"]
[WhiteElo "2667"]
[BlackElo "2248"]
[PlyCount "86"]
[EventDate "2024.07.19"]
[EventType "swiss (blitz)"]
[EventRounds "13"]
[EventCountry "HUN"]
[SourceTitle "CBM 221 Extra"]
[Source "ChessBase"]
[SourceDate "2024.09.30"]
[SourceVersion "1"]
[SourceVersionDate "2024.09.30"]
[SourceQuality "1"]

1. Nf3 d5 2. g3 Nf6 3. Bg2 e6 4. 0-0 Bd6 5. d3 0-0 6. Nbd2 Nc6 7. e4 dxe4 8. dxe4 e5 9. Qe2 Qe7 10. Nc4 Bc5 11. c3 h6 12. b4 Bd6 13. Nh4 Bg4 14. Bf3 Bxf3 15. Qxf3 Qe6 16. Ne3 Ne7 17. Nhf5 Nh7 18. h4 a5 19. b5 Bc5 20. Nxe7+ Bxe7 21. Nd5 Bd6 22. Rd1 f5 23. exf5 Rxf5 24. Qe4 Nf6 25. Nxf6+ Rxf6 26. Qxb7 Raf8 27. Be3 Qg4 28. c4 e4 29. Rxd6 cxd6 30. Qd5+ Kh8 31. Qd2 Rf3 32. Qxd6 R8f6 33. Qb8+ Kh7 34. Re1 Rg6 35. Kh2 Rgf6 36. Qa7 R6f5 37. Qd4 Rh5 38. Qd8 Rhf5 39. Kg2 Rxf2+ 40. Bxf2 Qf3+ 41. Kh3 Qxf2 42. Rxe4 Qf1+ 43. Kg4 h5# 0-1

[Event "HUN-ch Blitz"]
[Site "Ajka"]
[Date "2024.07.19"]
[Round "10"]
[White "Amin, Bassem"]
[Black "Jovanovic, Zoran"]
[Result "1-0"]
[WhiteElo "2667"]
[BlackElo "2525"]
[PlyCount "75"]
[EventDate "2024.07.19"]
[EventType "swiss (blitz)"]
[EventRounds "13"]
[EventCountry "HUN"]
[SourceTitle "CBM 221 Extra"]
[Source "ChessBase"]
[SourceDate "2024.09.30"]
[SourceVersion "1"]
[SourceVersionDate "2024.09.30"]
[SourceQuality "1"]

1. e4 d6 2. d4 Nf6 3. Nc3 e5 4. Nf3 Nbd7 5. Bc4 Be7 6. 0-0 0-0 7. a4 c6 8. Re1 a5 9. h3 h6 10. Ba2 Re8 11. Be3 exd4 12. Qxd4 Nf8 13. Rad1 Be6 14. Bxe6 Nxe6 15. Qc4 Nd7 16. Ne2 Qc7 17. Ng3 Ne5 18. Qe2 Nxf3+ 19. Qxf3 Bg5 20. Nf5 Rad8 21. Qg3 d5 22. Qxc7 Nxc7 23. f4 Be7 24. Bb6 Rc8 25. Bxc7 Rxc7 26. exd5 cxd5 27. Nxe7+ Rexe7 28. Kf2 g6 29. g4 h5 30. g5 h4 31. Rxe7 Rxe7 32. Rxd5 Rc7 33. Rxa5 Rxc2+ 34. Ke3 Rc7 35. Rb5 Rc4 36. a5 Ra4 37. Kf3 Kf8 38. b4 1-0

[Event "HUN-ch Blitz"]
[Site "Ajka"]
[Date "2024.07.19"]
[Round "3"]
[White "Amin, Bassem"]
[Black "Liu, Yi"]
[Result "1-0"]
[WhiteElo "2667"]
[BlackElo "2268"]
[PlyCount "22"]
[EventDate "2024.07.19"]
[EventType "swiss (blitz)"]
[EventRounds "13"]
[EventCountry "HUN"]
[SourceTitle "CBM 221 Extra"]
[Source "ChessBase"]
[SourceDate "2024.09.30"]
[SourceVersion "1"]
[SourceVersionDate "2024.09.30"]
[SourceQuality "1"]

1. e4 d5 2. d3 c5 3. Nf3 Nc6 4. g3 Nf6 5. Nbd2 e6 6. Bg2 Be7 7. 0-0 0-0 8. Re1 Qc7 9. h4 h6 10. d4 c4 11. h5 Rd8 1-0

[Event "HUN-ch Blitz"]
[Site "Ajka"]
[Date "2024.07.19"]
[Round "9"]
[White "Amin, Bassem"]
[Black "Nagy, Kristof"]
[Result "1-0"]
[WhiteElo "2667"]
[BlackElo "2158"]
[PlyCount "81"]
[EventDate "2024.07.19"]
[EventType "swiss (blitz)"]
[EventRounds "13"]
[EventCountry "HUN"]
[SourceTitle "CBM 221 Extra"]
[Source "ChessBase"]
[SourceDate "2024.09.30"]
[SourceVersion "1"]
[SourceVersionDate "2024.09.30"]
[SourceQuality "1"]

1. e4 c5 2. Nf3 Nc6 3. g3 d6 4. Bg2 g6 5. 0-0 Bg7 6. c3 Nf6 7. d4 0-0 8. d5 Nb8 9. e5 dxe5 10. Nxe5 Ne8 11. Re1 Nd6 12. Na3 Nd7 13. Bf4 Nb6 14. Qe2 Re8 15. Rad1 Bd7 16. c4 a6 17. b3 Rc8 18. h4 h5 19. Bg5 Bf5 20. Nf3 f6 21. Bf4 Ne4 22. Nb1 Nd7 23. Nd4 Nxg3 24. Bxg3 cxd4 25. Rxd4 Ne5 26. Nc3 Qb6 27. Rd2 Rcd8 28. Na4 Qa7 29. c5 Bd7 30. Nb6 Bg4 31. Qe3 Qb8 32. Kh2 Qc7 33. b4 a5 34. a3 axb4 35. axb4 e6 36. d6 Qb8 37. Bxe5 fxe5 38. Be4 Bf5 39. Rg1 Kf7 40. Bxf5 exf5 41. Qb3+ 1-0

[Event "HUN-ch Blitz"]
[Site "Ajka"]
[Date "2024.07.19"]
[Round "13"]
[White "Amin, Bassem"]
[Black "Pribelszky, Bence Daniel"]
[Result "0-1"]
[WhiteElo "2667"]
[BlackElo "2366"]
[PlyCount "72"]
[EventDate "2024.07.19"]
[EventType "swiss (blitz)"]
[EventRounds "13"]
[EventCountry "HUN"]
[SourceTitle "CBM 221 Extra"]
[Source "ChessBase"]
[SourceDate "2024.09.30"]
[SourceVersion "1"]
[SourceVersionDate "2024.09.30"]
[SourceQuality "1"]

1. e4 c5 2. Nf3 e6 3. d3 d5 4. Nbd2 Nc6 5. g3 Bd6 6. Bg2 Nge7 7. 0-0 0-0 8. Re1 Bc7 9. c3 b6 10. e5 Ba6 11. d4 cxd4 12. cxd4 Qd7 13. Nb1 b5 14. Nc3 b4 15. Na4 Bb6 16. Bf4 Nf5 17. Nxb6 axb6 18. g4 Nfe7 19. Qd2 Bc4 20. b3 Bb5 21. h4 Ra3 22. h5 Rfa8 23. h6 Qa7 24. hxg7 Rxa2 25. Rxa2 Qxa2 26. Qe3 Ra3 27. Bh6 Rxb3 28. Qf4 Rxf3 29. Bxf3 b3 30. g5 b2 31. Bh5 Ng6 32. Bxg6 hxg6 33. Qf6 b1Q 34. Rxb1 Qxb1+ 35. Kh2 Qf5 36. Kg2 Bd3 0-1

[Event "HUN-ch Blitz"]
[Site "Ajka"]
[Date "2024.07.19"]
[Round "12"]
[White "Kantor, Gergely"]
[Black "Amin, Bassem"]
[Result "1-0"]
[WhiteElo "2520"]
[BlackElo "2667"]
[PlyCount "59"]
[EventDate "2024.07.19"]
[EventType "swiss (blitz)"]
[EventRounds "13"]
[EventCountry "HUN"]
[SourceTitle "CBM 221 Extra"]
[Source "ChessBase"]
[SourceDate "2024.09.30"]
[SourceVersion "1"]
[SourceVersionDate "2024.09.30"]
[SourceQuality "1"]

1. d4 Nf6 2. c4 g6 3. Nc3 Bg7 4. e4 d6 5. h3 0-0 6. Be3 e5 7. d5 Na6 8. Be2 Nc5 9. Qc2 c6 10. Nf3 cxd5 11. cxd5 Bd7 12. Nd2 Rc8 13. a4 Nh5 14. Bxh5 gxh5 15. g4 hxg4 16. hxg4 Bxg4 17. f3 Bd7 18. Nc4 Qe7 19. Qh2 f5 20. Qxh7+ Kf7 21. Rg1 Rg8 22. Bg5 Rh8 23. Qxg7+ Kxg7 24. Bxe7+ Kf7 25. Bxd6 Nd3+ 26. Kd2 Rxc4 27. Kxd3 Rd4+ 28. Kc2 Rh2+ 29. Kb3 Rdd2 30. Rab1 1-0